banner koha

A função do administrador na propriedade citrícola (Registro n. 299380)

MARC details
000 -LÍDER
fixed length control field 00828nab a2200229 4500
003 - CÓDIGO MARC DA AGÊNCIA CATALOGADORA
Campo de controle BR-BrBNA
005 - DATA E HORA DA ÚLTIMA ATUALIZAÇÃO
Campo de controle 20240429161034.0
008 - CAMPO DE TAMANHO FIXO
fixed length control field 240429b bl.||||| |||| 00| 0 por d
040 ## - FONTE DA CATALOGAÇÃO
Agência catalogadora BR-BrBNA
Idioma da catalogação por
072 ## - CATEGORIA AGRIS
Código AGRIS E20 ; C10
100 ## - ENTRADA PRINCIPAL - NOME PESSOAL
Nome pessoal Pavani, Aparecido Tadeu
245 ## - TÍTULO PRINCIPAL
Título principal A função do administrador na propriedade citrícola
Subtítulo Administração Agrícola
500 ## - NOTA GERAL
Nota geral 3 illus.; 3 tables
942 ## - ADDED ENTRY ELEMENTS (KOHA)
Koha item type
650 ## - ASSUNTO - THESAGRO
Cabeçalho tópico ou nome geográfico ADMINISTRAÇÃO RURAL
650 ## - ASSUNTO - THESAGRO
Cabeçalho tópico ou nome geográfico ADMINISTRAÇÃO AGRÍCOLA
650 ## - ASSUNTO - THESAGRO
Cabeçalho tópico ou nome geográfico ADMINISTRADOR
650 ## - ASSUNTO - THESAGRO
Cabeçalho tópico ou nome geográfico PROPRIEDADE RURAL
650 ## - ASSUNTO - THESAGRO
Cabeçalho tópico ou nome geográfico CAPACITAÇÃO
773 0# - ENTRADA ANALÍTICA
Host Biblionumber 4769
Registro do item 314649
Imprenta Bebedouro - SP Grupo Técnico de Assistência e Consultoria em Citrus 2001
Outro identificador 2024-0901
Título Ciência e Pratica (Brazil)
Colação v. 11(42) p. 11-12; (Jul-Sep 2011)
Número de controle de registro BR2024000919

Nenhum exemplar disponível.

BINAGRI

Telefone: (61)3218-2567/2388/3357/2097 - binagri@agro.gov.br

Ministério da Agricultura e Pecuária , Esplanada dos Ministérios, Bloco D, Anexo B, Brasília/DF, CEP: 70.043-900